ظاهرة العنف داخل الأسرة المصرية : التقرير الأول العنف الأسرى : منظور اجتماعى وقانوني /

يمثل هذا الكتاب محصلة لأعمال الندوة المصرية الفرنسية الثالثة التى انعقدت بالقاهرة فى الفترة من 29 سبتمبر الى اول اكتوبر 1990 فى موضوع التحولات الديمقراطية فى الوطن العربى....

全面介绍

Saved in:
书目详细资料
主要作者: المجدوب، أحمد
其他作者: ابو شهبة، فادية، (مشرف.), عبد الغني، ماجدة، (مشرف.)
格式: 图书
语言:阿拉伯语
出版: القاهرة : المركز القومي لبحوث الاجتماعية والجنائية، 2003.
主题:
标签: 添加标签
没有标签, 成为第一个标记此记录!

MARC

LEADER 00000nam a22000007a 4500
003 INP
005 20201006134006.0
008 171231s2003 ua ||||fr|||| 00| 0 ara d
952 |0 0  |1 0  |4 0  |6 301_633000000000000_م_ظ  |7 0  |8 reports ar  |9 20650  |a INP  |b INP  |c MAIN  |d 2020-09-07  |l 0  |o 301.633 م ظ  |p 021596  |r 2020-09-07 00:00:00  |w 2020-09-07  |y REP 
999 |c 16707  |d 16707 
017 |a 2003/21241 
020 |a 9773090833 
040 |a EG-INP  |b ara  |c EG-INP 
082 0 4 |2 21  |a 301.633  |b م ظ 
100 1 |a المجدوب، أحمد  
245 1 0 |a ظاهرة العنف داخل الأسرة المصرية :   |b التقرير الأول العنف الأسرى : منظور اجتماعى وقانوني /   |c أحمد المجدوب ؛ إشراف فادية ابو شهبة، ماجدة عبد الغني. 
260 |a القاهرة :   |b المركز القومي لبحوث الاجتماعية والجنائية،   |c 2003. 
300 |a 353 ص. ؛   |c 24 سم. 
520 |a يمثل هذا الكتاب محصلة لأعمال الندوة المصرية الفرنسية الثالثة التى انعقدت بالقاهرة فى الفترة من 29 سبتمبر الى اول اكتوبر 1990 فى موضوع التحولات الديمقراطية فى الوطن العربى. 
650 7 |2 qramk  |a العدوانية 
650 7 |2 qramk  |a العنف الاسرى  |v منظور اجتماعى 
650 7 |2 qramk  |a التغير الاجتماعى 
700 1 |a  ابو شهبة، فادية،   |e مشرف. 
700 1 |a عبد الغني، ماجدة،   |e مشرف. 
901 |a EGPV2 
903 |a original 
942 |2 ddc  |c REP